000 00765nam a2200253Ia 4500
003 OSt
005 20220928102427.0
006 a|||||r|||| 00| 0
007 ta
008 220927b |||||||| |||| 00| 0 hin d
020 _cINR 350.00
024 _a134884
037 _b61, 23/02/2017, Kiran Book Service
_cTextual
040 _aSDCL
_cSDCL
_bhin
041 _2hin
_ahin
082 _aDelta:864, Q5
100 _aMuley Shanti Gunakar Ed.
_9398237
245 0 _aJyotish
_b Vikas, Prakar aur Jyotirvid
260 _aNew Delhi
_bIshan Prakashan
_c2015
300 _a159p.
_ccm.
650 _aHindi
_9391598
942 _hDelta:864, Q5
_cTEXL
_2CC
999 _c714070
_d714070